000
00269nam a2200121Ia 4500
008
190216s9999||||xx |||||||||||||| ||und||
100
_a
Chellappan K P
245
0
_a
Taxonomy Of Angiosperms
260
_b
Maruti Books
300
_a
239p
650
_a
Botany
942
_c
BK
999
_c
1178
_d
1178